| 000 | 00414nam a22001457a 4500 | ||
|---|---|---|---|
| 020 | _qPB. | ||
| 040 | _cFUIZZA ISHAQ | ||
| 082 |
_a320.441 _bWIL |
||
| 100 |
_a Williams , Walter. _9134057 |
||
| 245 |
_aWashington, Westminster and Whitehall / _cWalter Williams. |
||
| 250 | _a1st ED. | ||
| 260 |
_aNew York: _bCambridge University Press, _c1988. |
||
| 300 |
_a233 P. ; _c 5.5 x 0.62 x 8.5 inches |
||
| 942 |
_2ddc _cBK |
||
| 999 |
_c616986 _d616986 |
||